000 00566nmm a2200205Ia 4500
008 251105s9999||||xx |||||||||||||||||und||
020 _a9788415625087
041 _aspa
100 _aKaniuk, Yoram
245 0 _a1948
264 _a[Madrid, España] :
_bLibros del asteroide,
_c2012
300 _a248 páginas
490 _aLibros del Asteroide
650 _aOther narratives
700 _aKaniuk, Yoram
700 1 _a García Lozano, Raquel
700 1 _a García Lozano, Raquel
856 _uhttps://public.digitaliapublishing.com/a/33341
942 _cCF
999 _c67382
_d67382